Sports Quiz

Random Sports or NFL Quiz

ESPN's Top 15 Running Backs Quiz Stats

 Plays Quiz not verified by Sporcle

Also try: MLB Teams Last MVP
Challenge
Share
Tweet
Embed
Score 0/15 Timer 04:00
0 Plays Today
Yards/ College Name % Correct
5,782; OklahomaAdrian Peterson
94.6%
4,598; East CarolinaChris Johnson
91.1%
13,404; Texas ChristianLaDainian Tomlinson
88.7%
10,113; VirginiaThomas Jones
85.7%
3,013; RutgersRay Rice
83.9%
5,248; UCLAMaurice Jones-Drew
80.4%
2,013; ArkansasDarren McFadden
79.2%
2,439; IllinoisRashard Mendenhall
75.5%
Yards/ College Name % Correct
1,873; TennesseeArian Foster
73%
7,948; Oregon StateSteven Jackson
71.1%
2,944; TexasJamaal Charles
68.6%
6,414; Miami (Florida)Frank Gore
67.9%
1,717; PittsburghLeSean McCoy
66%
5,198; Northern IllinoisMichael Turner
58.3%
1,574; ArkansasPeyton Hillis
50.4%

You're not logged in!

Compare scores with friends on all Sporcle quizzes.
Join for Free
OR
Log In

You Might Also Like...

Show Comments

Extras

Top Quizzes Today


Score Distribution

Your Account Isn't Verified!

In order to create a playlist on Sporcle, you need to verify the email address you used during registration. Go to your Sporcle Settings to finish the process.

Report this User

Report this user for behavior that violates our Community Guidelines.

Details: